000 00308nam a2200109Ia 4500
008 171211s9999 xx 000 0 und d
245 _aDiagnosing Your Health Symptoms For Dummies
245 _cKnut Schroeder
260 _c2010
650 _xHEALTH
856 _uhttp://down.ebook777.com/016/9780470660966.pdf
999 _c348397
_d348397